ROSA ARGENTINA CAMPIONE DEL MONDO - Statistics

Statistiche generali
  • Questo quiz è stato fatto 95 volte
  • Il punteggio medio è 18 su 26
Statistiche sulle risposte
RUOLO GIOCATORE SQUADRA % Corretto
POR EMILIANO MARTINEZ ASTON VILLA
99%
ATT LAUTARO MARTINEZ INTER
99%
DC LISANDRO MARTINEZ MAN UTD
99%
AD MESSI PSG
95%
COC DYBALA ROMA
91%
ATT ALVAREZ MAN CITY
89%
AS DI MARIA JUVE
89%
CC PAREDES JUVE
82%
DC ROMERO TOTTENHAM
80%
CC DE PAUL ATLETICO MADRID
78%
CC FERNANDEZ BENFICA
78%
DC OTAMENDI BENFICA
76%
TS TAGLIAFICO LIONE
74%
TS ACUNA SIVIGLIA
69%
TD MOLINA ATLETICO MADRID
68%
POR ARMANI RIVER PLATE
64%
TD MONTIEL SIVIGLIA
64%
POR RULLI VILLAREAL
64%
CC MAC ALLISTER BRIGTHON
62%
AS CORREA ATLETICO MADRID
54%
COC PAPU GOMEZ SIVIGLIA
51%
CC PALACIOS BAYERN LEVERKUSEN
48%
DC FOYTH VILLAREAL
40%
COC ALMADA ATLANTA UNITED
33%
DC PEZZELLA BETIS SIVIGLIA
31%
CC RODRIGUEZ BETIS SIVIGLIA
29%
Nessun quiz corrispondente trovato
Distribuzione punteggi
Percentuale di utenti per punteggio
Percentile per numero di risposta
I tuoi punteggi nel tempo
Non hai fatto questo quiz